| 000 | 00725nam a22002297a 4500 | ||
|---|---|---|---|
| 999 |
_c14441 _d14441 |
||
| 003 | MIRAKIL | ||
| 005 | 20210629113523.0 | ||
| 008 | 210629b tu ||||| |||| 00| 0 tur d | ||
| 035 | _a15379 | ||
| 040 |
_aTR-AnCHP _btur _cTR-AnCHP |
||
| 041 | _atur | ||
| 082 |
_a818.42 _bA72z 1994 |
||
| 100 |
_aAtay, Falih Rıfkı _d1894-1971 |
||
| 245 |
_aZeytindağı/ _cFalih Rıfkı Atay. |
||
| 260 |
_aİstanbul: _bMilli Eğitim Bakanlığı, _c1994. |
||
| 300 |
_a179 s.: _c18 sm. |
||
| 490 | 0 |
_aMilli Eğitim Bakanlığı Yayınları; _aBilim ve Kültür Eserleri Dizisi; _aTürk Klasikleri; _v498. _v71. _v18. |
|
| 650 | _aTürkçe roman | ||
| 650 |
_aTürk edebiyatı _xRoman _y20. yüzyıl |
||
| 942 |
_2ddc _cBKS |
||
| 999 | _d14441 | ||